000 00805nam a2200181Ia 4500
008 100920s9999 xx 000 0 und d
082 _b86539
_a891.464 न 03
100 _aसरदेशमुख त्र्यं. वि.
245 _aहरमान हेसे सिध्दार्थ पूर्वेची यात्रा.
260 _bसुविद्या प्रकाशन, सोलापूर.
_c2003
300 _a194
_bसाधी
365 _b150
520 _aनिबंध.
630 _aहरमान हेसे सिध्दार्थ पूर्वेची यात्रा.
650 _aनिबंध.
730 _aहरमान हेसे सिध्दार्थ पूर्वेची यात्रा.
942 _cBOOK
999 _c727049
_d727046